Patología quirúrgica (Record no. 61697)

MARC details
000 -LEADER
campo de control de longitud fija 00590nam a2200157 i 4500
001 - NÚMERO DE CONTROL
campo de control 61697
003 - IDENTIFICADOR DE NÚMERO DE CONTROL
campo de control ES-MaACL
007 - CAMPO FIJO DE DESCRIPCIÓN FÍSICA--INFORMACIÓN GENERAL
campo de control de longitud fija t|
008 - DATOS DE LONGITUD FIJA--INFORMACIÓN GENERAL
campo de control de longitud fija 031113s1955 sp ||||1| spa d
100 1# - ENTRADA PRINCIPAL--NOMBRE DE PERSONA
Nombre de persona Facio Arribas, Manuel.
9 (RLIN) 48602
245 10 - MENCIÓN DEL TÍTULO
Título Patología quirúrgica
Resto del título : adaptada al programa de Ayudante Técnico Sanitario 2º curso /
Mención de responsabilidad, etc. Manuel Facio Arribas ; con la colaboración de Jorge de Murga y Serret.
260 ## - PUBLICACIÓN, DISTRIBUCIÓN, ETC.
Lugar de publicación, distribución, etc. Madrid :
Nombre del editor, distribuidor, etc. Murga,
Fecha de publicación, distribución, etc. 1955 (
Fabricante Gráf. Onofre Alonso)
300 ## - DESCRIPCIÓN FÍSICA
Extensión 159 p., 3 lám. ;
Dimensiones 24 cm.
700 1# - ENTRADA AGREGADA--NOMBRE PERSONAL
Nombre de persona Murga y Serret, Jorge de.
9 (RLIN) 84574
852 ## - LOCALIZACIÓN
Ubicación ES-MaACL
Número de control de estantería C-9940
Sublocalización o colección R.38113
Holdings
Estatus retirado Estado de pérdida Estado de daño No para préstamo Biblioteca de origen Biblioteca actual Ubicación en estantería Fecha de adquisición Fuente de adquisición Total de préstamos Signatura topográfica completa Código de barras Visto por última vez Precio de reemplazo Tipo de ítem Koha
        Biblioteca del Ateneo de Madrid Biblioteca del Ateneo de Madrid Sala Palomar 17/01/2008     C-9940 1064693 23/02/2023 23/02/2023 Libro impreso